<?xml version="1.0" encoding="UTF-8"?>
<marc:record xmlns:marc="http://www.loc.gov/MARC21/slim">
   <marc:leader>00000nam a2200000 a 4500</marc:leader>
   <marc:datafield ind1="0" ind2="0" tag="245">
      <marc:subfield code="a">Bigfoot Junior</marc:subfield>
   </marc:datafield>
   <marc:datafield ind1=" " ind2="1" tag="264">
      <marc:subfield code="b">Splendid Film</marc:subfield>
      <marc:subfield code="c">2021</marc:subfield>
   </marc:datafield>
   <marc:datafield ind1="1" ind2=" " tag="520">
      <marc:subfield code="a">Der legendäre Bigfoot ist endlich wieder mit seiner Familie vereint! Allen voran freut sich sein Sohn Adam, der die Zeit mit seinem Vater genießen möchte. Doch Bigfoot Senior ist nun ein Medienstar, der sich vor allem dem Schutz der Umwelt widmet. Deshalb begibt er sich nach Alaska, um die Wahrheit über ein dubioses Ölförderunternehmen herauszufinden. Als er auf dieser Mission spurlos verschwindet, liegt es an Adam, seinen berühmten Vater zu retten. Zum Glück kann er dabei auf die Hilfe seiner Mutter und seiner leicht exzentrischen tierischen Freunde zurückgreifen nicht zu vergessen seine Schulkameradin Emma, für die er mehr als nur Freundschaft empfindet. Gemeinsam mit seiner Mutter und seinen Freunden begibt sich Adam auf einen tierisch verrückten Familientrip!</marc:subfield>
   </marc:datafield>
   <marc:datafield ind1="3" ind2=" " tag="024">
      <marc:subfield code="a">4013549129138</marc:subfield>
   </marc:datafield>
   <marc:datafield ind1=" " ind2=" " tag="041">
      <marc:subfield code="a">ger</marc:subfield>
   </marc:datafield>
   <marc:datafield ind1=" " ind2=" " tag="300">
      <marc:subfield code="a">1 DVD : 85 Min.</marc:subfield>
   </marc:datafield>
</marc:record>
